000
00261nam a2200097Ia 4500
008
220204s9999 xx 000 0 und d
082
_b
IND
245
0
_a
Indian scientific and technical publications:Exhibiton 1960
260
_a
New Delhi
_b
CSIR
_c
1960
942
_c
BK
999
_c
20409
_d
20409